[Event "EU-chT Seniors 65"]
[Site "Terme Catez"]
[Date "2024.05.13"]
[Round "7.4"]
[White "Hoebarth, Guenter"]
[Black "James, Geoffrey H"]
[Result "1/2-1/2"]
[WhiteElo "1945"]
[BlackElo "2079"]
[PlyCount "51"]
[EventDate "2024.05.07"]
[EventType "team-swiss"]
[EventRounds "9"]
[EventCountry "SLO"]
[SourceTitle "CB20_2024"]
[SourceDate "2024.05.16"]
[SourceVersion "1"]
[SourceVersionDate "2024.05.16"]
[SourceQuality "1"]
[WhiteTeam "Austria 65"]
[BlackTeam "England 65 II"]
[WhiteTeamCountry "AUT"]
[BlackTeamCountry "ENG"]

1. e4 e5 2. Nc3 Nf6 3. Nf3 Nc6 4. d4 exd4 5. Nd5 Be7 6. Nxd4 Nxd5 7. exd5 Nxd4 8. Qxd4 0-0 9. Be2 Bf6 10. Qd3 Re8 11. 0-0 d6 12. c3 Qe7 13. Bf3 a6 14. Be3 Bd7 15. Rfe1 Qe5 16. Bd2 Qf5 17. Be4 Qh5 18. f4 g6 19. Re3 Re7 20. Bf3 Rxe3 21. Bxe3 Qh4 22. g3 Qh3 23. Bd4 Bxd4+ 24. Qxd4 Re8 25. Qf2 Qh6 26. Re1 1/2-1/2

[Event "EU-chT Seniors 65"]
[Site "Terme Catez"]
[Date "2024.05.07"]
[Round "1.4"]
[White "Kierzek, Matthias"]
[Black "Hoebarth, Guenter"]
[Result "1-0"]
[WhiteElo "2132"]
[BlackElo "1945"]
[PlyCount "145"]
[EventDate "2024.05.07"]
[EventType "team-swiss"]
[EventRounds "9"]
[EventCountry "SLO"]
[SourceTitle "CB20_2024"]
[SourceDate "2024.05.16"]
[SourceVersion "1"]
[SourceVersionDate "2024.05.16"]
[SourceQuality "1"]
[WhiteTeam "Germany 65"]
[BlackTeam "Austria 65"]
[WhiteTeamCountry "GER"]
[BlackTeamCountry "AUT"]

1. d4 Nf6 2. c4 c5 3. d5 e5 4. Nc3 d6 5. e4 a6 6. Bd3 Be7 7. Nge2 Nbd7 8. Ng3 h5 9. Nf5 Bf8 10. h4 g6 11. Ne3 Bh6 12. Qf3 Ng4 13. Nxg4 Bxc1 14. Rxc1 hxg4 15. Qxg4 Nf6 16. Qe2 g5 17. h5 Bg4 18. Qe3 Rxh5 19. Kd2 Ng8 20. Be2 Bxe2 21. Kxe2 Rxh1 22. Rxh1 f6 23. Rh7 Qc8 24. Qf3 Kf8 25. Qh5 Qe8 26. Qxe8+ Kxe8 27. Rxb7 Ne7 28. Kf3 Ng6 29. g3 Ne7 30. Kg4 Kf7 31. Rd7 Rb8 32. b3 Rh8 33. Rxd6 Rh2 34. Kf3 g4+ 35. Kxg4 Rxf2 36. Rxa6 Ng8 37. Ra7+ Kg6 38. d6 Nh6+ 39. Kh3 Nf7 40. Re7 Nxd6 41. Rd7 Nf7 42. Rd3 Ng5+ 43. Kg4 Nxe4 44. Nxe4 f5+ 45. Kh3 fxe4 46. Re3 Kf5 47. a3 Rf3 48. Re2 Rxb3 49. Ra2 e3 50. a4 Rd3 51. a5 Rd2 52. Ra3 Ke4 53. a6 Rd8 54. Kg2 Rf8 55. a7 e2 56. Ra1 Ke3 57. g4 Kd2 58. Ra2+ Kd3 59. Ra3+ Kd4 60. Ra1 Kxc4 61. g5 Kd3 62. g6 e4 63. g7 Ra8 64. Kf2 c4 65. Ra6 e3+ 66. Ke1 c3 67. Rd6+ Ke4 68. Kxe2 Rc8 69. Rc6 Ra8 70. Rxc3 Kd5 71. Rb3 Kd4 72. Rb4+ Kc5 73. Rb8 1-0

[Event "WchT Seniors 65"]
[Site "Struga"]
[Date "2023.09.24"]
[Round "6.3"]
[White "Hoebarth, Guenter"]
[Black "Quigley, Colm"]
[Result "1-0"]
[WhiteElo "1901"]
[BlackElo "1903"]
[PlyCount "95"]
[EventDate "2023.09.19"]
[EventType "team-swiss"]
[EventRounds "9"]
[EventCountry "MKD"]
[SourceTitle "EXT 2024"]
[Source "ChessBase"]
[SourceDate "2023.10.10"]
[SourceVersion "1"]
[SourceVersionDate "2023.10.10"]
[SourceQuality "1"]
[WhiteTeam "Austria 65"]
[BlackTeam "Ireland 65"]
[WhiteTeamCountry "AUT"]
[BlackTeamCountry "IRL"]

1. d3 c5 2. c4 Nc6 3. Nc3 g6 4. g3 Bg7 5. Bg2 e6 6. Nf3 Nge7 7. 0-0 0-0 8. Rb1 b6 9. Bf4 d6 10. Qd2 Rb8 11. Bh6 Bb7 12. Bxg7 Kxg7 13. e3 d5 14. cxd5 Nxd5 15. Nxd5 exd5 16. d4 c4 17. b3 b5 18. bxc4 bxc4 19. Rb2 Qd6 20. Rfb1 Ba8 21. Qc3 Rxb2 22. Rxb2 Rb8 23. Rxb8 Qxb8 24. Nd2 Qb4 25. Qxb4 Nxb4 26. a3 a5 27. axb4 axb4 28. Bf1 Bc6 29. Bxc4 dxc4 30. Nxc4 Kf6 31. Nb2 Kf5 32. Kf1 Ke4 33. Ke1 Bb5 34. Kd2 f5 35. Nd3 Kf3 36. Nxb4 Kxf2 37. Nd5 Kg2 38. Ke1 Kxh2 39. Kf2 Kh3 40. Nf6 h5 41. d5 h4 42. gxh4 Kxh4 43. d6 g5 44. d7 Bxd7 45. Nxd7 f4 46. e4 g4 47. Nf6 Kg5 48. Nd5 1-0

[Event "WchT Seniors 65"]
[Site "Struga"]
[Date "2023.09.22"]
[Round "4.3"]
[White "Hoebarth, Guenter"]
[Black "Priedite, Ingrida"]
[Result "0-1"]
[WhiteElo "1901"]
[BlackElo "2044"]
[PlyCount "70"]
[EventDate "2023.09.19"]
[EventType "team-swiss"]
[EventRounds "9"]
[EventCountry "MKD"]
[SourceTitle "EXT 2024"]
[Source "ChessBase"]
[SourceDate "2023.10.10"]
[SourceVersion "1"]
[SourceVersionDate "2023.10.10"]
[SourceQuality "1"]
[WhiteTeam "Austria 65"]
[BlackTeam "Latvia 65 (W)"]
[WhiteTeamCountry "AUT"]
[BlackTeamCountry "LAT"]

1. d3 c5 2. g3 Nc6 3. Bg2 g6 4. c3 Bg7 5. f4 d6 6. Nf3 e5 7. Na3 Nf6 8. 0-0 0-0 9. fxe5 dxe5 10. Nc4 Qe7 11. Ng5 h6 12. Ne4 Nxe4 13. Bxe4 Be6 14. Qa4 Rad8 15. Ne3 f5 16. Bf3 Kh7 17. Ng2 Bd5 18. Bxd5 Rxd5 19. Qc4 Rfd8 20. Be3 Na5 21. Qa4 Qc7 22. b4 cxb4 23. cxb4 Nc6 24. Rac1 Qd7 25. b5 Nd4 26. Bxd4 Rxd4 27. Qxa7 e4 28. Kh1 exd3 29. exd3 Rxd3 30. Qb6 Qd5 31. Qf2 Rd2 32. Qf3 Qxa2 33. Nf4 Qb2 34. Ng2 R8d3 35. Ne3 Rxe3 0-1

[Event "WchT Seniors 65"]
[Site "Struga"]
[Date "2023.09.19"]
[Round "1.3"]
[White "Baker, Chris W"]
[Black "Hoebarth, Guenter"]
[Result "1-0"]
[WhiteElo "2222"]
[BlackElo "1901"]
[PlyCount "61"]
[EventDate "2023.09.19"]
[EventType "team-swiss"]
[EventRounds "9"]
[EventCountry "MKD"]
[SourceTitle "EXT 2024"]
[Source "ChessBase"]
[SourceDate "2023.10.10"]
[SourceVersion "1"]
[SourceVersionDate "2023.10.10"]
[SourceQuality "1"]
[WhiteTeam "England 65"]
[BlackTeam "Austria 65"]
[WhiteTeamCountry "ENG"]
[BlackTeamCountry "AUT"]

1. e4 c5 2. Nf3 d6 3. c3 Nf6 4. h3 e6 5. Bd3 Nc6 6. 0-0 Be7 7. Re1 0-0 8. Bc2 e5 9. d4 Qc7 10. d5 Nb8 11. Nbd2 Ne8 12. Nc4 g6 13. Bh6 Ng7 14. a4 Nd7 15. Qd2 f6 16. Ne3 Rf7 17. g4 Nf8 18. Kh2 g5 19. Nf5 Ng6 20. h4 Nxf5 21. gxf5 Nf4 22. Rg1 Bf8 23. hxg5 Bxh6 24. gxh6+ Kh8 25. Rg4 Bd7 26. Rag1 Raf8 27. Nh4 Qd8 28. Qe3 Qe8 29. Bd1 Re7 30. Rg7 Nh5 31. Rxe7 1-0

[Event "Vienna Advent op"]
[Site "Vienna"]
[Date "2022.12.11"]
[Round "7"]
[White "Ivanyk, Igor"]
[Black "Hoebarth, Guenter"]
[Result "1-0"]
[WhiteElo "2052"]
[BlackElo "1883"]
[PlyCount "95"]
[EventDate "2022.12.05"]
[EventType "tourn"]
[EventRounds "7"]
[EventCountry "AUT"]
[SourceTitle "CBM 211 Extra"]
[Source "ChessBase"]
[SourceDate "2023.01.31"]
[SourceVersion "1"]
[SourceVersionDate "2023.01.31"]
[SourceQuality "1"]

1. e4 e5 2. Nf3 Nc6 3. Bb5 Nge7 4. Nc3 a6 5. Ba4 Ng6 6. 0-0 Bc5 7. Nd5 b5 8. Bb3 Nd4 9. Nxd4 exd4 10. Qh5 d6 11. Nf4 c6 12. a4 Qf6 13. Nxg6 fxg6 14. Qe2 Be6 15. Bxe6 Qxe6 16. axb5 cxb5 17. Rxa6 0-0 18. Rxa8 Rxa8 19. Qxb5 Qxe4 20. d3 Qe8 21. Qb7 Ra7 22. Qd5+ Qf7 23. Qxf7+ Kxf7 24. Bd2 Rb7 25. Rb1 Ba3 26. b4 Rc7 27. Bc1 Bxc1 28. Rxc1 Rc3 29. Kf1 Ke6 30. Ke2 Kd5 31. Kd2 Ra3 32. Rb1 Kc6 33. Rb2 Kb5 34. h4 Ra1 35. c4+ dxc3+ 36. Kxc3 Rc1+ 37. Kd4 Rd1 38. g3 h5 39. Re2 Rb1 40. Re7 Rxb4+ 41. Kd5 Rg4 42. Rb7+ Ka6 43. Rxg7 Kb5 44. Rb7+ Ka6 45. Rd7 Kb5 46. Rxd6 Kb4 47. Rc6 g5 48. Rc4+ 1-0

[Event "Vienna Advent op"]
[Site "Vienna"]
[Date "2022.12.10"]
[Round "6"]
[White "Hoebarth, Guenter"]
[Black "Reif, Werner"]
[Result "1-0"]
[WhiteElo "1883"]
[BlackElo "1725"]
[PlyCount "87"]
[EventDate "2022.12.05"]
[EventType "tourn"]
[EventRounds "7"]
[EventCountry "AUT"]
[SourceTitle "CBM 211 Extra"]
[Source "ChessBase"]
[SourceDate "2023.01.31"]
[SourceVersion "1"]
[SourceVersionDate "2023.01.31"]
[SourceQuality "1"]

1. e4 e6 2. d4 d5 3. Be3 dxe4 4. Nd2 Nf6 5. c3 Bd7 6. Qc2 Bc6 7. h3 Bd6 8. Bg5 Be7 9. Bxf6 Bxf6 10. Nxe4 Bxe4 11. Qxe4 Qd5 12. Qc2 0-0 13. Bd3 g6 14. Be4 Qb5 15. h4 h5 16. a4 Qb6 17. g4 Kg7 18. gxh5 Rh8 19. Bxg6 c5 20. Nf3 cxd4 21. Rg1 dxc3 22. b3 Nc6 23. h6+ Kf8 24. Bxf7 Nd4 25. Nxd4 Qxd4 26. Bg6 Qd2+ 27. Kf1 Qxc2 28. Bxc2 Rxh6 29. Re1 Kf7 30. h5 Rd8 31. Bg6+ Ke7 32. Rg3 Rd6 33. Rg4 Rc6 34. Rc1 Rc5 35. b4 Rd5 36. Rc2 Rd4 37. f3 Kd6 38. Ke2 Kd5 39. Rxc3 Rxb4 40. Rxb4 Bxc3 41. Rxb7 Bd4 42. Kd3 Bb6 43. a5 Bxa5 44. Rb5+ 1-0

[Event "Bodensee op Seniors 6th"]
[Site "Bregenz"]
[Date "2022.05.28"]
[Round "7"]
[White "Oberndoerfer, Frank"]
[Black "Hoebarth, Guenter"]
[Result "1-0"]
[WhiteElo "1965"]
[BlackElo "1855"]
[PlyCount "65"]
[EventDate "2022.05.22"]
[EventType "swiss"]
[EventRounds "7"]
[EventCountry "AUT"]
[SourceTitle "CBM 208 Extra"]
[Source "ChessBase"]
[SourceDate "2022.07.31"]
[SourceVersion "1"]
[SourceVersionDate "2022.07.31"]
[SourceQuality "1"]

1. d4 d6 2. Nf3 Nd7 3. Bg5 c5 4. e3 g6 5. c3 Bg7 6. Nbd2 Ngf6 7. Be2 h6 8. Bh4 b6 9. a4 Bb7 10. 0-0 g5 11. Bg3 g4 12. Nh4 h5 13. f3 Nd5 14. Nc4 Bf6 15. e4 Bxh4 16. Bxh4 N5f6 17. Bxf6 Nxf6 18. e5 dxe5 19. Nxe5 Qd5 20. Bc4 Qxc4 21. Nxc4 gxf3 22. Rxf3 Bxf3 23. Qxf3 Rd8 24. dxc5 bxc5 25. Re1 Kf8 26. h3 Rd5 27. Qe3 e6 28. Qf3 Rf5 29. Qa8+ Kg7 30. Qxa7 Rd8 31. Qc7 Rd3 32. Nd6 Nd5 33. Nxf5+ 1-0

[Event "Niederoesterreich-ch Seniors op"]
[Site "Spitz in der Wachau"]
[Date "2020.10.16"]
[Round "6"]
[White "Hoebarth, Guenter"]
[Black "Singer, Hans"]
[Result "0-1"]
[WhiteElo "1902"]
[BlackElo "2155"]
[PlyCount "102"]
[EventDate "2020.10.11"]
[EventType "swiss"]
[EventRounds "7"]
[EventCountry "AUT"]
[SourceTitle "CBM 198 Extra"]
[Source "ChessBase"]
[SourceDate "2020.11.30"]
[SourceVersion "1"]
[SourceVersionDate "2020.11.30"]
[SourceQuality "1"]

1. e4 c5 2. g3 Nc6 3. Bg2 g6 4. Ne2 Bg7 5. c3 d6 6. d3 e6 7. Be3 Nge7 8. Na3 b6 9. 0-0 0-0 10. Nc2 d5 11. d4 cxd4 12. Nexd4 Nxd4 13. Nxd4 Bb7 14. exd5 Bxd5 15. Nf3 Qc7 16. Re1 Rfd8 17. Qa4 Qb7 18. Nh4 b5 19. Bxd5 Nxd5 20. Qe4 Rac8 21. Bd4 Bxd4 22. cxd4 Qc6 23. Rac1 Qxc1 24. Rxc1 Rxc1+ 25. Kg2 Rdc8 26. Qe5 R1c2 27. Nf3 Rxb2 28. Ng5 Re8 29. Qd6 b4 30. Qd7 Re7 31. Qd8+ Kg7 32. Ne4 Rxa2 33. h4 h6 34. g4 Re2 35. Kf3 Rxe4 36. Kxe4 Rc7 37. g5 h5 38. Qb8 Rc2 39. Qe5+ Kh7 40. Qb8 Rxf2 41. Ke5 Rf4 42. Qxa7 Kg7 43. Kd6 b3 44. Qb8 Rxh4 45. Kd7 Rf4 46. Ke8 b2 47. Qxb2 Rf5 48. Qa3 Nc7+ 49. Kd7 Nb5 50. Qe7 Rd5+ 51. Ke8 Nd6+ 0-1

[Event "Kirchberg op 7th"]
[Site "Kirchberg"]
[Date "2019.08.29"]
[Round "4"]
[White "Bauer, Sebastian"]
[Black "Hoebarth, Guenter"]
[Result "1-0"]
[WhiteElo "2155"]
[BlackElo "1890"]
[PlyCount "69"]
[EventDate "2019.08.26"]
[EventType "swiss"]
[EventRounds "7"]
[EventCountry "AUT"]
[SourceTitle "EXT 2020"]
[Source "ChessBase"]
[SourceDate "2019.10.17"]
[SourceVersion "1"]
[SourceVersionDate "2019.10.17"]
[SourceQuality "1"]

1. Nf3 Nf6 2. d4 c5 3. e3 cxd4 4. exd4 g6 5. Bd3 Bg7 6. 0-0 b6 7. Re1 Ba6 8. Bg5 Bxd3 9. Qxd3 d5 10. Nbd2 0-0 11. Ne5 h6 12. Bh4 Qc7 13. Bg3 Qb7 14. h3 e6 15. Qe3 Nc6 16. Nd3 Ne7 17. Be5 Kh7 18. g4 Nd7 19. Bg3 Ng8 20. c3 Rae8 21. h4 Ndf6 22. f3 Ne7 23. Nf4 Qd7 24. Qd3 e5 25. dxe5 Nxg4 26. fxg4 Qxg4 27. Qf3 Qc8 28. Nb3 Nf5 29. Ng2 Qc7 30. Bh2 Qc4 31. Qf4 Qb5 32. Rad1 a5 33. Qf2 Qa4 34. Nd4 Bxe5 35. Nxf5 1-0

[Event "AUT-ch Seniors 50"]
[Site "Deutschlandsberg"]
[Date "2018.04.26"]
[Round "5"]
[White "Unger, Eva"]
[Black "Hoebarth, Guenter"]
[Result "0-1"]
[WhiteElo "1757"]
[BlackElo "1974"]
[PlyCount "172"]
[EventDate "2018.04.22"]
[EventType "swiss"]
[EventRounds "7"]
[EventCountry "AUT"]
[SourceTitle "CBM 184 Extra"]
[Source "ChessBase"]
[SourceDate "2018.06.28"]
[SourceVersion "1"]
[SourceVersionDate "2018.06.28"]
[SourceQuality "1"]

1. d4 d5 2. Nf3 c5 3. c3 Nc6 4. e3 e6 5. Bd3 c4 6. Bc2 Nf6 7. Nbd2 b5 8. 0-0 Bd6 9. e4 dxe4 10. Nxe4 Be7 11. Nxf6+ Bxf6 12. Be4 Bb7 13. Re1 0-0 14. Bf4 Na5 15. Qc2 Bxe4 16. Qxe4 Qd5 17. Qe3 Nc6 18. Rad1 Rfd8 19. h3 a5 20. a3 Qf5 21. Be5 Be7 22. Bg3 Rdc8 23. Rd2 h6 24. Qe4 Qxe4 25. Rxe4 b4 26. axb4 axb4 27. Ree2 b3 28. Rd1 Ra2 29. Rb1 Kf8 30. Kf1 Ke8 31. Nd2 Ra4 32. Ree1 Kd7 33. Bf4 g5 34. Be3 f5 35. f4 Rca8 36. Nf3 g4 37. Nd2 h5 38. hxg4 hxg4 39. g3 Bf6 40. Red1 Ne7 41. Kg2 Nd5 42. Bf2 Be7 43. Rh1 Nb6 44. Nf1 Ra1 45. Nd2 Rxb1 46. Rxb1 Ra2 47. d5 Nxd5 48. Nxc4 Kc6 49. Ne5+ Kc7 50. Kf1 Nf6 51. Nd3 Ne4 52. Be1 Ra6 53. Ke2 Bf6 54. Ke3 Ra8 55. Nb4 Rh8 56. Bf2 Rh2 57. Rf1 Nxf2 58. Rxf2 Rxf2 59. Kxf2 Bxc3 60. Nd3 Bd4+ 61. Ke2 Kb6 62. Nc1 Bxb2 63. Nxb3 e5 64. fxe5 Bxe5 65. Kf2 Kc6 66. Nc1 Kd5 67. Ne2 Ke4 68. Nc1 Bd4+ 69. Kg2 Ke3 70. Na2 Kd3 71. Nb4+ Kc4 72. Nc6 Kd5 73. Ne7+ Ke6 74. Nc6 Bc5 75. Na5 Bb4 76. Nb3 Ke5 77. Nc1 Ke4 78. Ne2 Bd2 79. Kf1 Kd3 80. Kf2 Be3+ 81. Kf1 Kd2 82. Ng1 Bxg1 83. Kxg1 Ke2 84. Kg2 Ke3 85. Kg1 Kf3 86. Kh2 Kf2 0-1

[Event "AUT-ch Seniors 50"]
[Site "Deutschlandsberg"]
[Date "2018.04.24"]
[Round "3"]
[White "Krobath, Werner"]
[Black "Hoebarth, Guenter"]
[Result "0-1"]
[WhiteElo "1831"]
[BlackElo "1974"]
[PlyCount "106"]
[EventDate "2018.04.22"]
[EventType "swiss"]
[EventRounds "7"]
[EventCountry "AUT"]
[SourceTitle "CBM 184 Extra"]
[Source "ChessBase"]
[SourceDate "2018.06.28"]
[SourceVersion "1"]
[SourceVersionDate "2018.06.28"]
[SourceQuality "1"]

1. d4 d6 2. Nf3 Bg4 3. Nbd2 Nf6 4. g3 c6 5. Bg2 Nbd7 6. 0-0 e5 7. h3 Bh5 8. dxe5 dxe5 9. e4 Be7 10. Qe2 0-0 11. g4 Bg6 12. Nh4 Qc7 13. Nf5 Nc5 14. Nc4 b5 15. Nxe5 Qxe5 16. f4 Qc7 17. Nxe7+ Qxe7 18. e5 Nfe4 19. Be3 Ng3 20. Qf2 Nce4 21. Bxe4 Nxe4 22. Qf3 f5 23. exf6 Nxf6 24. f5 Nd5 25. Rae1 Nxe3 26. Qxc6 Rac8 27. Qxb5 Qe4 28. Qb3+ Bf7 29. Qxe3 Qxe3+ 30. Rxe3 Rxc2 31. Rf2 Rc1+ 32. Kh2 Rfc8 33. a3 R1c2 34. Ree2 Rxe2 35. Rxe2 Bb3 36. Kg3 a5 37. Kf4 h6 38. Re3 a4 39. Rc3 Rd8 40. Ke3 Kf7 41. Rc7+ Kf6 42. Rc6+ Ke7 43. Rc7+ Rd7 44. Rc1 Rd1 45. Rc7+ Kf8 46. Kf4 Rh1 47. Rc8+ Kf7 48. Rc7+ Kg8 49. Rc8+ Kh7 50. Rc7 Rxh3 51. f6 Kg6 52. fxg7 Rd3 53. Ra7 Rd8 0-1

[Event "EU-chT Railways USIC"]
[Site "Korenov"]
[Date "2017.10.11"]
[Round "2.2"]
[White "Muzik, Martin"]
[Black "Hoebarth, Guenter"]
[Result "1-0"]
[WhiteElo "2158"]
[BlackElo "1949"]
[PlyCount "93"]
[EventDate "2017.10.10"]
[EventType "team-tourn"]
[EventRounds "5"]
[EventCountry "CZE"]
[SourceTitle "CBM 181 Extra"]
[Source "ChessBase"]
[SourceDate "2017.12.12"]
[SourceVersion "1"]
[SourceVersionDate "2017.12.12"]
[SourceQuality "1"]
[WhiteTeam "Czech Republic"]
[BlackTeam "Austria"]
[WhiteTeamCountry "CZE"]
[BlackTeamCountry "AUT"]

1. e4 c5 2. c3 b6 3. d4 cxd4 4. cxd4 Bb7 5. Nc3 g6 6. Nf3 Bg7 7. Bd3 Nf6 8. 0-0 0-0 9. Be3 d6 10. Qd2 Nbd7 11. Bh6 Rc8 12. Rfe1 e5 13. Bxg7 Kxg7 14. Nb5 Qe7 15. Nxa7 Ra8 16. Nb5 exd4 17. Nfxd4 Ne5 18. f3 Nh5 19. Bf1 Qf6 20. a3 Nf4 21. Nf5+ gxf5 22. Qxf4 Rg8 23. Qxf5 Qxf5 24. exf5 Bxf3 25. Nxd6 Kf6 26. Re3 Bc6 27. Nxf7 Nf3+ 28. Kf2 Nxh2 29. Re6+ Kxf7 30. Rxc6 Ng4+ 31. Kg1 Rg5 32. Rxb6 Ne3 33. Re1 Nxf5 34. Bd3 Nh4 35. Re2 Nf3+ 36. Kf2 Ne5 37. Bxh7 Rf8 38. Be4 Ng4+ 39. Kg1 Rd8 40. g3 Rd1+ 41. Kg2 Rc1 42. Bf3 Ne5 43. Bd5+ Kg7 44. Rb7+ Kh6 45. Be4 Rg8 46. Rf2 Ng4 47. Rh7+ 1-0

[Event "Bodensee op Seniors"]
[Site "Bregenz"]
[Date "2017.05.27"]
[Round "8"]
[White "Hoebarth, Guenter"]
[Black "Ciuro Munoz, Ricardo"]
[Result "0-1"]
[WhiteElo "1928"]
[BlackElo "2007"]
[PlyCount "70"]
[EventDate "2017.05.20"]
[EventType "swiss"]
[EventRounds "9"]
[EventCountry "AUT"]
[SourceTitle "CBM 178 Extra"]
[Source "ChessBase"]
[SourceDate "2017.06.22"]
[SourceVersion "1"]
[SourceVersionDate "2017.06.22"]
[SourceQuality "1"]

1. e4 e6 2. b3 d5 3. Bb2 Nf6 4. exd5 exd5 5. Qe2+ Qe7 6. Bxf6 Qxe2+ 7. Bxe2 gxf6 8. Nf3 Be6 9. Nd4 c6 10. Nc3 Bc5 11. Nxe6 fxe6 12. f4 Nd7 13. Bh5+ Kd8 14. 0-0-0 Rf8 15. Rde1 e5 16. fxe5 fxe5 17. Rhf1 Kc7 18. Bf7 Bd6 19. Rf5 e4 20. Ref1 Ne5 21. Ne2 Kb6 22. Nc3 Rxf7 23. Rxf7 Nxf7 24. Rxf7 Rf8 25. Rxf8 Bxf8 26. Kd1 Bd6 27. h3 Be5 28. g4 Kc7 29. Ne2 d4 30. Ke1 Kd6 31. Kf2 c5 32. c4 d3 33. Ng3 Bxg3+ 34. Kxg3 e3 35. Kf3 exd2 0-1

[Event "Bodensee op Seniors"]
[Site "Bregenz"]
[Date "2017.05.26"]
[Round "7"]
[White "Hoebarth, Guenter"]
[Black "Kierzek, Mira"]
[Result "1/2-1/2"]
[WhiteElo "1928"]
[BlackElo "2030"]
[PlyCount "53"]
[EventDate "2017.05.20"]
[EventType "swiss"]
[EventRounds "9"]
[EventCountry "AUT"]
[SourceTitle "CBM 178 Extra"]
[Source "ChessBase"]
[SourceDate "2017.06.22"]
[SourceVersion "1"]
[SourceVersionDate "2017.06.22"]
[SourceQuality "1"]

1. e4 c6 2. c4 d5 3. cxd5 cxd5 4. exd5 Nf6 5. Nc3 Nxd5 6. Bc4 e6 7. Nf3 Be7 8. 0-0 Nf6 9. d4 0-0 10. d5 Qc7 11. Qe2 exd5 12. Nxd5 Nxd5 13. Bxd5 Bf6 14. Ng5 Qe5 15. Qxe5 Bxe5 16. Re1 Nd7 17. Bd2 h6 18. Nxf7 Rxf7 19. Rxe5 Nxe5 20. Re1 Bd7 21. Rxe5 Re8 22. f4 Bc6 23. Bb3 Rxe5 24. fxe5 Kf8 25. Bxf7 Kxf7 26. Bc3 g6 27. Kf2 1/2-1/2